Blahorečenia v roku 2003, Rím - Námestie Svätého Petra - 23. marca 2003 blahoslavený Peter Bonhomme (1803-1861), kňaz a zakladateľ Kongregácie sestier našej Panej z Kalvárie

Bibliographic Details
Main Author: Malý, Vincent, 1922-2008 (Author)
Format: Article
Language:Slovak
ISSN:1210-0676
Subjects:

MARC

LEADER 00000nab a2200000 a 4500
001 vtls008857358
003 SK-MaSNL
005 20260304145033.0
008 250505c2004 xo mr|p|||||||000 b|slo
015 |a SNBRB2006/10 
035 |a (uuid)0c02bb87-5151-412d-aa1c-c567bdacf4ef 
035 |a urn:nbn:sk:snk-aby51 
035 |a (urnnbn)urn:nbn:sk:snk:ar-a042lg 
038 |a SNKBUCL 
040 |a SNKBUCL  |b slo  |c SNKBUCL  |e AACR2 
041 0 |a slo 
044 |a xo  |c SK 
080 |a 235  |2 1997 
080 |a 929 Bonhomme, Peter  |2 snkbucl 
100 1 |a Malý, Vincent,  |d 1922-2008  |4 aut  |9 102577 
245 1 0 |a Blahorečenia v roku 2003, Rím - Námestie Svätého Petra - 23. marca 2003  |n blahoslavený Peter Bonhomme (1803-1861), kňaz a zakladateľ Kongregácie sestier našej Panej z Kalvárie  |c Vincent Malý 
600 1 7 |a Bonhomme, Peter  |c bl.  |d 1803-1861  |2 snkbucl  |9 1467212 
648 7 |a 2003  |2 snkbucl  |9 301018 
650 0 7 |a beatifikácia  |2 snkbucl  |9 1689 
773 0 |t Liturgia  |g Roč. XIV, č. 1 (2004), s. 21-23  |x 1210-0676 
850 |a Slovenská národná knižnica 
852 |a Slovenská národná knižnica 
954 |a odborná, vedecká literatúra pôvodná (slovenská)  |2 lita 
958 |a article27 
958 |a BX 
958 |a SK 
958 |a NT 
958 |a OND 
958 |a EUIPO 
999 |c 2934266  |d 2936196